| 000 | 00395nam a2200121 a 4500 | ||
|---|---|---|---|
| 005 | 20140414132102.0 | ||
| 008 | 100702s19uu xx 00 eng d | ||
| 050 |
_aTR 372.52 _bF199 2004 |
||
| 100 | _aFanthome, Dorothy | ||
| 245 |
_aThe world around me : _bRead colour and learn / _cDorothy Fanthome; illustrations by Neetika Tandon. |
||
| 260 |
_aNew York : _bScholastic, _c2004. |
||
| 999 |
_c114479 _d114479 |
||